000 00342nam a2200145Ia 4500
008 230917s9999||||xx |||||||||||||| ||und||
040 _e137241
_aMAIN
041 _aEnglish
082 _a822.08 M23F
100 _aMorrell, J M
245 0 _aFour English comedies
260 _aLondon
_bPenguin Books
_c1967
300 _a412 p.
942 _cBK
999 _c68254
_d68254